Gia đình mới, tập 5.6 (Dành cho Hs tiểu học)

Shranjeno v:
Bibliografske podrobnosti
Format: Knjiga
Oznake: Označite
Brez oznak, prvi označite!
Thư viện lưu trữ: Mạng thư viện Đại học Đà Nẵng
LEADER 00431nam a22001691a 4500
001 000039916
003 16211
005 20160412022703.0
008 160412s0 000
082 |a 4N(TK)851-853 
245 |a Gia đình mới, tập 5.6 (Dành cho Hs tiểu học) 
OWN |a LNN 
999 |a From the UDN01 
TYP |a Monograph 
980 |a Mạng thư viện Đại học Đà Nẵng